000 00783nam a22001935i 4500
001 48073
003 ES-MaACL
005 20230906161704.0
007 t|
008 961128s1881 sp ||||1| spa d
040 _aCLM
_bspa
_cCCPB | SIC
100 1 _aCueto y Rivero, Manuel.
_942082
245 1 0 _aDiscurso leido ante la Universidad Literaria de Granada en la solemne apertura del curso académico de 1881 á 1882 /
_cpor Manuel Cueto y Rivero.
260 _aGranada :
_b[s.n.],
_c1881 (
_fImprenta de J. Ventura Sabatel)
300 _a48 p. ;
_c31 cm.
500 _aTítulo del discurso: Universidades de España en el siglo XVI, su disciplina y hombres sabios que en ellos florecieron.
710 2 _aUniversidad Literaria de Granada.
_9153703
852 _aES-MaACL
_jT-393-F-10
999 _c48073
_d48073